Countries you can visit from Casablanca Airport - Statistics

General Stats
  • This quiz has been taken 21 times
  • The average score is 33 of 45
Answer Stats
Answer Hint % Correct
Canada N/A
100%
France N/A
100%
Egypt N/A
93%
Germany N/A
93%
Italy N/A
93%
Portugal N/A
93%
Senegal N/A
93%
Spain N/A
93%
Tunisia N/A
93%
United Kingdom N/A
93%
United States of America N/A
93%
Belgium N/A
86%
Guinea N/A
86%
Qatar N/A
86%
Saudi Arabia N/A
86%
United Arab Emirates N/A
86%
Ivory Coast N/A
79%
Liberia N/A
79%
Mali N/A
79%
Niger N/A
79%
Nigeria N/A
79%
Togo N/A
79%
Angola N/A
71%
Brazil N/A
71%
Cameroon N/A
71%
Chad N/A
71%
China N/A
71%
Gambia N/A
71%
Guinea Bissau N/A
71%
Mauritania N/A
71%
Russia N/A
71%
Sierra Leone N/A
71%
Benin N/A
64%
Burkina Faso N/A
64%
Cape Verde N/A
64%
Ghana N/A
64%
Kuwait N/A
64%
Switzerland N/A
64%
Equatorial Guinea N/A
57%
Bahrain N/A
50%
Central African Republic N/A
50%
Gabon N/A
50%
Democratic Republic of Congo N/A
21%
Republic of Congo N/A
14%
Turkiye N/A
14%
No matching quizzes found
Score Distribution
Percent of People with Each Score
Percentile by Number Answered
Your Score History
You have not taken this quiz